Jesus Christ the teacher. (Record no. 5045)

000 -LEADER
fixed length control field 00631nam a2200181 a 4500
001 - CONTROL NUMBER
control field :::00002786$&:&@@
003 - CONTROL NUMBER IDENTIFIER
control field OkBaRHE
005 - DATE AND TIME OF LATEST TRANSACTION
control field 20000607103257.0
008 - FIXED-LENGTH DATA ELEMENTS--GENERAL INFORMATION
fixed length control field s1943 j 000 0 eng u
040 ## - CATALOGING SOURCE
Transcribing agency
100 1# - MAIN ENTRY--PERSONAL NAME
Personal name Curtis, William A.
245 10 - TITLE STATEMENT
Title Jesus Christ the teacher.
Statement of responsibility, etc A study of His method and message based mainly on the earlier gospels.
260 ## - PUBLICATION, DISTRIBUTION, ETC. (IMPRINT)
Place of publication, distribution, etc London, UK:EN., :
Name of publisher, distributor, etc Oxford University Press
Date of publication, distribution, etc c1943
300 ## - PHYSICAL DESCRIPTION
Extent 259 p. : illus. ;
Dimensions 21 cm.
650 ## - SUBJECT ADDED ENTRY--TOPICAL TERM
Topical term or geographic name as entry element Jesus Christ
General subdivision Teachings
942 ## - ADDED ENTRY ELEMENTS (KOHA)
Source of classification or shelving scheme
Koha item type Books
Copies
Koha item type Shelving location Lost status Damaged status Withdrawn status Not for loan Permanent Location Barcode Source of classification or shelving scheme Date last seen Price effective from Copy number Date acquired Full call number
BooksGeneral Stacks    RHEMA Bible Training College2786 2018-03-162010-04-1412010-04-14BS 2417 .C78J4